Privatization and economic efficiency : a comparative analysis of developed and developing countries
Αποθηκεύτηκε σε:
| Άλλοι συγγραφείς: | , |
|---|---|
| Μορφή: | Βιβλίο |
| Γλώσσα: | English |
| Δημοσίευση: |
Hants :
Edward Elgar,
c1991.
|
| Θέματα: | |
| Ετικέτες: |
Προσθήκη ετικέτας
Δεν υπάρχουν, Καταχωρήστε ετικέτα πρώτοι!
|
MARC
| LEADER | 00000cam a2200000 a 4500 | ||
|---|---|---|---|
| 001 | 1/119971 | ||
| 008 | 190919t1991####uk | ||| |||| ||eng|| | ||
| 020 | |a 1852784148 |q (σκληρό εξώφυλλο) | ||
| 040 | |a GR-MyUa |b gre |c GR-MyUa |e AACR2 | ||
| 041 | 0 | |a eng | |
| 082 | 7 | |a 338.9 |2 (23) | |
| 245 | 0 | |a Privatization and economic efficiency : |b a comparative analysis of developed and developing countries / |c edited by Attiat F. Ott and Keith Hartley. | |
| 260 | |a Hants : |b Edward Elgar, |c c1991. | ||
| 300 | |a xii, 277 σ. : |b διαγρ., πίν. ; |c 24 εκ. | ||
| 504 | |a Περιλαμβάνει βιβλιογραφικές παραπομπές και ευρετήρια. | ||
| 650 | 0 | |a Privatization | |
| 650 | 0 | |a Industrial efficiency. | |
| 700 | 1 | |a Ott, Attiat F. |e edt | |
| 700 | 1 | |a Hatrley, Keith, |e edt | |
| 852 | |a INST |b CHIOS |c TSAMOYRGELIS |e 20190919 |h 338.9 PRI |p 005200040121 |q 005200040121 |t BK |y 0 | ||
| 920 | |a Τσαμουργκέλης |b Ιωάννης |y Χίος |z 2017-04 | ||
| 970 | |a Σπέντζα |b Ελένη |z 19-09-2019 | ||